000 02324cam a2200613 4500
001 22212
003 VRT
005 20260323133809.0
008 210624s2019 xo er 000 f slo
015 _aSNBA2021/01
020 _a9788056613672
_q(viazané)
035 _aurn:nbn:sk:snk-am00ed2v
035 _aurn:nbn:sk:snk-am3igeo
035 _a9FC9362A-D66C-4EE4-A6AB-54348E173F24
039 9 _a202504291330
_bAUTHORITY
_c202407021127
_dAUTHORITY
_c202406101340
_dAUTHORITY
_c202401081249
_dAUTHORITY
040 _aTTKJF
_bslo
_cTTKJF
_dSNK
_erda
041 1 _aslo
_hspa
044 _axo
_cSK
072 7 _a821.134.2-3
_xŠpanielska próza, španielsky písaná
_2konspekt
080 _a(=214.58)-053.2
_22011
080 _a323.12"1939/1945"
_22011
080 _a343.819.5
_22011
080 _a821.134.2-31
_22011
100 1 _aEscobar, Mario,
_d1971-
_4aut
240 1 0 _aCanción de cuna de Auschwitz
_lSlovensky
245 1 0 _aOsvienčimská uspávanka
_cMario Escobar ; zo španielskeho originálu Canción de cuna de Auschwitz ... preložil Milan Kopecký
250 _aPrvé slovenské vydanie
264 1 _aBratislava
_bLindeni
_c2019
300 _a229 strán
_c21 cm
336 _atext
_btxt
_2rdacontent
337 _abez média
_bn
_2rdamedia
338 _azväzok
_bnc
_2rdacarrier
500 _aVydalo vydavateľstvo Lindeni v spoločnosti Albatros Media Slovakia, s.r.o.
610 1 7 _aOsvienčim (koncentračný tábor)
_2SNKPH
650 0 7 _aRómovia
_2SNKPH
650 0 7 _arómske deti
_2SNKPH
650 0 7 _aholokaust (1939-1945)
_2SNKPH
650 0 7 _akoncentračné tábory
_2SNKPH
650 0 7 _aRomanies
_2SNKPHeng
650 0 7 _aRomani children
_2SNKPHeng
650 0 7 _aHolocaust (1939-1945)
_2SNKPHeng
650 0 7 _aConcentration camps
_2SNKPHeng
655 7 _ašpanielske romány
_2SNKPH
655 7 _aSpanish fiction
_2SNKPHeng
700 1 _aKopecký, Milan,
_d1984-
_4trl
710 2 _aAlbatros Media Slovakia.
_bLindeni
_4pbl
910 _asnk
942 _2ddc
_cKLDO
_n0
949 _617A1417239
_asnkSC 187701 D1
_bsnk2020/6378
_o2376/19
949 _6273K0651949
_asvkpoA 244648
_bsvkpo644008
949 _62889357954
_asavukM 121733
_bsavuk2020/2004
949 _6270001000640879
_asvkbbA 159893
_bsvkbbm 788652
949 _617A1414893
_asnkSC 187701
_bsnk2020/2518
_o2376/19
_s6100:20200220
999 _c22212
_d22212